[Event "Catalunya-chT"]
[Site "Barcelona"]
[Date "2011.03.12"]
[Round "7.10"]
[White "Mingo Fernandez, Matias"]
[Black "Barquero Pinar, Denis"]
[Result "1-0"]
[WhiteElo "2184"]
[BlackElo "2185"]
[PlyCount "79"]
[EventDate "2011.01.29"]
[EventType "team-tourn"]
[EventRounds "11"]
[EventCountry "ESP"]
[SourceTitle "EXT 2012"]
[Source "ChessBase"]
[SourceDate "2011.11.24"]
[SourceVersion "1"]
[SourceVersionDate "2011.11.24"]
[SourceQuality "1"]
[WhiteTeam "Barbera"]
[BlackTeam "Barcelona"]
[WhiteTeamCountry "ESP"]
[BlackTeamCountry "ESP"]

1. d4 Nf6 2. Nf3 g6 3. Bf4 Bg7 4. e3 0-0 5. h3 d6 6. Be2 Nc6 7. Bh2 Nd7 8. 0-0 e5 9. c3 f5 10. Na3 h6 11. Bb5 e4 12. Nd2 Ne7 13. Ba4 Nf6 14. Bb3+ Kh8 15. f3 g5 16. Bc2 Ned5 17. Qe2 Qe7 18. Rae1 Bd7 19. Nab1 Rae8 20. fxe4 fxe4 21. a3 b5 22. b3 Nb6 23. Bg3 c5 24. Rc1 a5 25. Bd1 g4 26. hxg4 Nxg4 27. Bc2 d5 28. Rxf8+ Rxf8 29. Rf1 Rc8 30. Qe1 cxd4 31. exd4 Bxd4+ 32. cxd4 Rxc2 33. Rf4 Qg7 34. Qd1 Qxd4+ 35. Kh1 Ne3 36. Qh5 Rc1+ 37. Kh2 Ng4+ 38. Rxg4 Qg1+ 39. Kh3 Qe3 40. Qe5+ 1-0

[Event "Catalunya-chT Primera Gp2"]
[Site "Catalunya"]
[Date "2008.02.03"]
[Round "2"]
[White "Tebar Moreno, Juan Carlos"]
[Black "Barquero Pinar, Denis"]
[Result "1-0"]
[WhiteElo "2270"]
[BlackElo "2192"]
[PlyCount "51"]
[EventDate "2008.01.27"]
[EventType "team-tourn"]
[EventRounds "9"]
[EventCountry "ESP"]
[SourceTitle "EXT 2019"]
[Source "ChessBase"]
[SourceDate "2018.10.10"]
[SourceVersion "1"]
[SourceVersionDate "2018.10.10"]
[SourceQuality "1"]

1. d4 Nf6 2. c4 g6 3. Nc3 Bg7 4. e4 d6 5. Nf3 0-0 6. Be2 e5 7. dxe5 dxe5 8. Qxd8 Rxd8 9. Bg5 Re8 10. Nd5 Nxd5 11. cxd5 c6 12. Bc4 cxd5 13. Bxd5 Nc6 14. a3 Be6 15. Bxe6 Rxe6 16. 0-0-0 Rc8 17. Kb1 f5 18. Rd7 h6 19. Be3 fxe4 20. Nd2 b6 21. Rc1 Bf8 22. Nxe4 g5 23. f3 Be7 24. Ng3 Kf7 25. Nf5 Rd8 26. Rcd1 1-0

[Event "ESP-chT1a Norte"]
[Site "Barcelona"]
[Date "2006.08.18"]
[Round "4.9"]
[White "Barquero Pinar, Denis"]
[Black "Sanchez Camino, Jose"]
[Result "1-0"]
[WhiteElo "2164"]
[BlackElo "1970"]
[PlyCount "47"]
[EventDate "2006.08.16"]
[EventType "team"]
[EventRounds "6"]
[EventCountry "ESP"]
[SourceTitle "EXT 2007"]
[Source "ChessBase"]
[SourceDate "2006.11.23"]
[SourceVersion "1"]
[SourceVersionDate "2006.11.23"]
[SourceQuality "1"]

1. e4 d6 2. d4 Nf6 3. Nc3 g6 4. f4 Bg7 5. Nf3 c6 6. Bd3 b5 7. e5 dxe5 8. fxe5 Nd5 9. 0-0 Nxc3 10. bxc3 0-0 11. Qe1 Na6 12. Qh4 Nc7 13. Ng5 h5 14. Ba3 Nd5 15. Nxf7 Rxf7 16. Bxg6 Rxf1+ 17. Rxf1 Bg4 18. Bf7+ Kh8 19. Bxh5 Bxh5 20. Qxh5+ Kg8 21. Qf7+ Kh8 22. Rf3 Qf8 23. Rh3+ Bh6 24. Qg6 1-0

[Event "Catalunya-ch U20"]
[Site "Salou"]
[Date "2005.03.26"]
[Round "6"]
[White "Sola Cortada, Iris"]
[Black "Barquero Pinar, Denis"]
[Result "0-1"]
[WhiteElo "2024"]
[BlackElo "2105"]
[PlyCount "66"]
[EventDate "2005.03.22"]
[EventType "swiss"]
[EventRounds "8"]
[EventCountry "ESP"]
[SourceTitle "EXT 2019"]
[Source "ChessBase"]
[SourceDate "2018.10.10"]
[SourceVersion "1"]
[SourceVersionDate "2018.10.10"]
[SourceQuality "1"]

1. e4 c5 2. Nc3 g6 3. g3 Bg7 4. Bg2 Nc6 5. d3 e5 6. Be3 d6 7. Qd2 Nge7 8. Bh6 0-0 9. Bxg7 Kxg7 10. Nge2 Nd4 11. 0-0 Rb8 12. f4 b5 13. fxe5 dxe5 14. Nxd4 cxd4 15. Ne2 Be6 16. a3 Qd7 17. Rac1 Nc6 18. Kh1 a5 19. Ng1 b4 20. axb4 Rxb4 21. c3 Rb3 22. cxd4 exd4 23. Ra1 Rfb8 24. Qg5 Rxd3 25. Rf2 Rdb3 26. Rb1 a4 27. Qf6+ Kg8 28. Nh3 a3 29. Ng5 Rxb2 30. Rfxb2 Rxb2 31. Qf1 Rxb1 32. Qxb1 a2 33. Qa1 Qb7 0-1

[Event "Catalunya-ch U20"]
[Site "Salou"]
[Date "2005.03.23"]
[Round "2"]
[White "Gallart Zafra, Jaume"]
[Black "Barquero Pinar, Denis"]
[Result "1-0"]
[WhiteElo "2082"]
[BlackElo "2105"]
[PlyCount "51"]
[EventDate "2005.03.22"]
[EventType "swiss"]
[EventRounds "8"]
[EventCountry "ESP"]
[SourceTitle "EXT 2019"]
[Source "ChessBase"]
[SourceDate "2018.10.10"]
[SourceVersion "1"]
[SourceVersionDate "2018.10.10"]
[SourceQuality "1"]

1. Nf3 c5 2. g3 Nc6 3. Bg2 g6 4. d3 Bg7 5. Nbd2 e5 6. e4 Nge7 7. 0-0 d6 8. h3 0-0 9. a4 h6 10. Nc4 Be6 11. Be3 Qd7 12. Kh2 Rab8 13. Nfd2 b6 14. f4 a6 15. fxe5 dxe5 16. a5 b5 17. Nb6 Qd6 18. Nd5 Nb4 19. Nb3 Rbc8 20. Nb6 Rc7 21. c3 Bxb3 22. Qxb3 Nxd3 23. c4 Nb4 24. cxb5 axb5 25. Rfd1 c4 26. Qa3 1-0

[Event "Mataro-C"]
[Site "Mataro"]
[Date "2004.12.27"]
[Round "2"]
[White "Ruiz Manchon, Francesco Xavier"]
[Black "Barquero Pinar, Denis"]
[Result "0-1"]
[WhiteElo "2108"]
[BlackElo "2108"]
[PlyCount "58"]
[EventDate "2004.12.??"]
[EventType "tourn"]
[EventRounds "9"]
[EventCountry "ESP"]
[SourceTitle "EXT 2006"]
[Source "ChessBase"]
[SourceDate "2005.11.24"]
[SourceVersion "1"]
[SourceVersionDate "2005.11.24"]
[SourceQuality "1"]

1. e4 a6 2. d4 e6 3. c4 b5 4. cxb5 axb5 5. Bxb5 Bb7 6. Bd3 Bb4+ 7. Bd2 Bxd2+ 8. Nxd2 f5 9. Ngf3 f4 10. 0-0 Ne7 11. e5 Nd5 12. Ne4 0-0 13. a3 Ba6 14. b4 Bxd3 15. Qxd3 Nc6 16. Rfc1 Nce7 17. Nc3 Nxc3 18. Qxc3 Nd5 19. Qc2 Qe8 20. b5 Qh5 21. a4 g5 22. h3 Kh8 23. Ra3 g4 24. hxg4 Qxg4 25. Ne1 f3 26. Qd1 Rf4 27. Nxf3 Rg8 28. Ne1 Qh4 29. Rcc3 Qxf2+ 0-1

[Event "Barcelona Sants op 03rd"]
[Site "Barcelona"]
[Date "2001.??.??"]
[Round "?"]
[White "Barquero Pinar, Denis"]
[Black "Serrano Aspa, Pedro"]
[Result "0-1"]
[WhiteElo "2069"]
[BlackElo "2049"]
[PlyCount "30"]
[EventDate "2001.08.??"]
[EventType "swiss"]
[EventRounds "9"]
[EventCountry "ESP"]
[SourceTitle "EXT 2005"]
[Source "ChessBase"]
[SourceDate "2004.11.15"]
[SourceVersion "1"]
[SourceVersionDate "2004.11.15"]
[SourceQuality "1"]

1. e4 Nf6 2. Nc3 d5 3. exd5 Nxd5 4. Bc4 Nb6 5. Bb3 c5 6. d3 Nc6 7. Nf3 e6 8. 0-0 Be7 9. Bf4 a6 10. Re1 0-0 11. Ne4 Na5 12. Ne5 Nxb3 13. axb3 Nd5 14. Bg3 f5 15. Nd2 f4 0-1

[Event "Barcelona Sants op 03rd"]
[Site "Barcelona"]
[Date "2001.??.??"]
[Round "?"]
[White "Barquero Pinar, Denis"]
[Black "Tejero Royo, Fermin"]
[Result "1-0"]
[WhiteElo "2069"]
[BlackElo "2206"]
[PlyCount "57"]
[EventDate "2001.08.??"]
[EventType "swiss"]
[EventRounds "9"]
[EventCountry "ESP"]
[SourceTitle "EXT 2005"]
[Source "ChessBase"]
[SourceDate "2004.11.15"]
[SourceVersion "1"]
[SourceVersionDate "2004.11.15"]
[SourceQuality "1"]

1. e4 c5 2. Nf3 d6 3. d4 cxd4 4. Nxd4 Nf6 5. Nc3 g6 6. Be3 Bg7 7. Bc4 a6 8. f3 0-0 9. Bb3 Nc6 10. Qd2 Ne5 11. h4 b5 12. 0-0-0 Bb7 13. h5 Nc4 14. Bxc4 bxc4 15. hxg6 fxg6 16. Ne6 Qa5 17. Nxg7 Kxg7 18. Bh6+ Kf7 19. Bxf8 Rxf8 20. Qd4 Rc8 21. f4 Rc5 22. Rde1 Kg8 23. e5 dxe5 24. fxe5 Nd5 25. Qh4 h5 26. Qg5 Kh7 27. Nxd5 Bxd5 28. Qxe7+ Kh6 29. g4 1-0